| 000 | 00430nam a22001577a 4500 | ||
|---|---|---|---|
| 003 | OSt | ||
| 005 | 20230406122527.0 | ||
| 008 | 230406b |||||||| |||| 00| 0 eng d | ||
| 020 | _a978-0-19-965920-3 | ||
| 040 | _cCML | ||
| 082 | _a417.7GAL | ||
| 245 |
_aPARAMETER THEORY & LINGUISTIC CHANGE _cBY GALVES, CHARLOTTE et al |
||
| 260 |
_aOXFORD _bOXFORD UNIVERSITY PRESS _c2012 |
||
| 300 | _axviii, 386p. | ||
| 942 |
_2ddc _cBK _k417.7 _mGAL |
||
| 999 |
_c4015 _d4015 |
||